000 00298nam a2200133 i 4500
001 bg
100 1 _aLÖFFLER, H. J.
245 0 _aThermodynamik /
_cH.J. Löffle. Bd.2.
260 _aBerlin,
_c1969.
040 _cBPK
041 _apol
942 _cKS
008 s pl f |000 0 pol
999 _c13775
_d13775
856 _uhttp://koha.tu.koszalin.pl/cgi-bin/koha/opac-detail.pl?biblionumber=13775
_yKatalog online BPK